<?xml version="1.0" encoding="UTF-8"?>
<marc:record xmlns:marc="http://www.loc.gov/MARC21/slim">
   <marc:leader>00000nam a2200000 a 4500</marc:leader>
   <marc:datafield ind1="1" ind2=" " tag="100">
      <marc:subfield code="a">Saldanha, Carlos</marc:subfield>
   </marc:datafield>
   <marc:datafield ind1=" " ind2=" " tag="653">
      <marc:subfield code="a">Urzeit</marc:subfield>
   </marc:datafield>
   <marc:datafield ind1=" " ind2=" " tag="653">
      <marc:subfield code="a">Animationsfilm</marc:subfield>
   </marc:datafield>
   <marc:datafield ind1="0" ind2="0" tag="245">
      <marc:subfield code="a">Ice Age 2</marc:subfield>
   </marc:datafield>
   <marc:datafield ind1="0" ind2="0" tag="245">
      <marc:subfield code="b">jetzt taut's</marc:subfield>
   </marc:datafield>
   <marc:datafield ind1="0" ind2="0" tag="245">
      <marc:subfield code="c">Regie: Carlos Sandanha</marc:subfield>
   </marc:datafield>
   <marc:datafield ind1=" " ind2="1" tag="264">
      <marc:subfield code="a">Frankfurt/Main</marc:subfield>
      <marc:subfield code="b">Twentieth Century Fox</marc:subfield>
      <marc:subfield code="c">2006</marc:subfield>
   </marc:datafield>
   <marc:datafield ind1="1" ind2=" " tag="490">
      <marc:subfield code="a">Ice Age</marc:subfield>
      <marc:subfield code="v">2</marc:subfield>
   </marc:datafield>
   <marc:datafield ind1="1" ind2=" " tag="520">
      <marc:subfield code="a">Das tierische Trio befindet sich in Ice Age 2 &#x96; Jetzt taut&#x92;s auf der Flucht vor der großen Schmelzwasser-Flut und trifft auf dem Weg unter anderem ein weibliches Mammut, das sich für eine Beutelratte hält und von einem Schwarm frisch aufgetauter, fleischfressender Fische bedroht wird. Ebenfalls für viel Spaß und Lacher sorgen eine Herde Lava-anbetender Mini-Faultiere, Geier mit beeindruckender Musical-Choreographie, und noch mehr kongeniale Slapstick mit dem heimlichen Star von Teil Eins, Hörnchen Scrat und seine unendlichen Versuche, eine Eichel zu retten. Alles zusammen ergibt einwandfreie Unterhaltung, die nicht nur die Kleinen richtig cool finden werden.</marc:subfield>
   </marc:datafield>
   <marc:datafield ind1="3" ind2=" " tag="024">
      <marc:subfield code="a">4010232056740</marc:subfield>
   </marc:datafield>
   <marc:datafield ind1="0" ind2=" " tag="490">
      <marc:subfield code="v">0</marc:subfield>
   </marc:datafield>
   <marc:datafield ind1=" " ind2=" " tag="300">
      <marc:subfield code="a">2 DVDs (Ländercode 2, ca. 87 Min.) : farbig, mit Ton</marc:subfield>
   </marc:datafield>
</marc:record>
